| 000 | 00522nam a2200169Ia 4500 | ||
|---|---|---|---|
| 008 | 230925s9999||||xx |||||||||||||| ||und|| | ||
| 082 | _a621.3 KHA | ||
| 100 |
_aKhan, Naseer Ahmad (328776) _9118227 |
||
| 245 | 0 | _aSolar-Assisted Hybrid Oil Heating System for Heavy Refinery Product Storage / | |
| 260 |
_bUSPCAS-E, NUST,Islamabad : _c2023 |
||
| 300 | _axv, 73 p. | ||
| 520 | _aTH-462 | ||
| 650 |
_vMS Thesis _918721 |
||
| 650 |
_vMS TEE Thesis _9116575 |
||
| 700 |
_aDr Asif Hussain Khoja _9117190 |
||
| 942 |
_cTHE _2ddc |
||
| 999 |
_c603209 _d603209 |
||